00490nam a2200193 a 4500001001300000003000900013005001700022008004100039020001000080082001300090100001700103245004600120260003200166300000900198500003500207505002400242650001300266700001700279nice12345678IN_TiNIC20260116011830.0050524s1966 enga grp 000 0 eng  ac10000a200bHAP aHappold, F C aReligious Faith and Twentieth Century Man aEnglandbPenguin Bookc1966 a184p aincludes index and biblioraphy2 aBibliography, Index aReligion1 aHappold, F C